000 00997nam a22002537a 4500
005 20170124102953.0
010 _aA-811393
020 _c60.00
035 _aA-811393
037 _bCen Lib/Ret
040 _aDPL
_bHN
082 _a
_bमधोक
100 _aमधोक, कमला
_952276
245 _aटुकड़ा-टुकड़ा सांस /
_cकमला मधोक
246 _aTukda-tukda sans/
_bby Kamlaa Madhok
260 _a दिल्ली
_bसूर्य भारती प्रकाशन
_c1996
270 _b दिल्ली
_a२५९६/6, कन्हैय्या नगर, त्रिनगर
_e110035
300 _a120पृ.
_c16सेमी(सजिल्द )
650 _aहिंदी साहित्य
_x
_z
_952277
650 _aहिंदी कहानियां
_92082
650 _aHindi literature
_v
_952278
650 _aHindi stories
_952279
942 _2ddc
_cHN
_h
_mमधोक
999 _c113448
_d113448